Composition studies in the new millennium : rereading the past, rewriting the future /

Bibliographic Details
Other Authors: Bloom, Lynn Z., 1934-, Daiker, Donald A., 1938-, White, Edward M. (Edward Michael), 1933-
Format: Book
Language:English
Published: Carbondale : Southern Illinois University Press, [2003]
Subjects:

MARC

Tag First Indicator Second Indicator Subfields
LEADER 00000cam a2200000 a 4500
001 in00002204017
005 20151104122617.0
008 021031s2003 ilu b s001 0 eng
010 |a  2002152306 
020 |a 0809325217 (cloth : alk. paper) 
020 |a 0809325225 (pbk. : alk. paper) 
029 1 |a YDXCP  |b 1973269 
029 1 |a YDXCP  |b 1973270 
035 |a (OCoLC)ocm50958988 
035 |a (OCoLC)50958988 
040 |a DLC  |c DLC  |d BAKER  |d BTCTA  |d YDXCP  |d UtOrBLW 
049 |a TXAM 
050 0 0 |a PE1404  |b .C626 2003 
082 0 0 |a 808/.042/0711  |2 21 
245 0 0 |a Composition studies in the new millennium :  |b rereading the past, rewriting the future /  |c edited by Lynn Z. Bloom, Donald A. Daiker, Edward M. White. 
264 1 |a Carbondale :  |b Southern Illinois University Press,  |c [2003] 
264 4 |c ©2003 
300 |a 295 pages ;  |c 24 cm. 
336 |a text  |b txt  |2 rdacontent 
337 |a unmediated  |b n  |2 rdamedia 
338 |a volume  |b nc  |2 rdacarrier 
504 |a Includes bibliographical references (pages 263-281) and index. 
650 0 |a English language  |x Rhetoric  |x Study and teaching. 
650 0 |a Report writing  |x Study and teaching (Higher) 
700 1 |a Bloom, Lynn Z.,  |d 1934- 
700 1 |a Daiker, Donald A.,  |d 1938- 
700 1 |a White, Edward M.  |q (Edward Michael),  |d 1933- 
938 |a Baker & Taylor  |b BKTY  |c 60.00  |d 60.00  |i 0809325217  |n 0004113564  |s active 
938 |a Baker & Taylor  |b BKTY  |c 29.50  |d 29.50  |i 0809325225  |n 0004113565  |s active 
938 |a Baker and Taylor  |b BTCP  |n 2002152306 
938 |a YBP Library Services  |b YANK  |n 1973270 
945 |a PromptCat  |b 39040 
946 |a stk 
947 |a A14835502644 
948 |a cataloged  |b h  |c 2007/1/18  |d c  |e ceaton  |f 12:59:23 pm 
994 |a 92  |b TXA 
999 |a MARS 
999 f f |s ac240be9-37e0-3ccf-834d-ce297c3de099  |i 6b50e74d-7e8e-344c-aabb-304fdc99cbf9  |t 0 
952 f f |p normal  |a Texas A&M University  |b College Station  |c Sterling C. Evans Library  |d Evans: Library Stacks  |t 0  |e PE1404 .C626 2003  |h Library of Congress classification  |i unmediated -- volume  |m A14835502644 
998 f f |a PE1404 .C626 2003  |t 0  |l Evans: Library Stacks